[Event "Cto Aragón Equipos Div Honor Gr II"]
[Site "Aragon"]
[Date "2014.02.01"]
[Round "2.29"]
[White "Ramon Perez, Jose Luis"]
[Black "Salamero Pelay, Fernando"]
[Result "1-0"]
[WhiteElo "2238"]
[BlackElo "2149"]
[PlyCount "71"]
[EventDate "2014.??.??"]
[EventCountry "ESP"]
[WhiteTeam "Agrupacion"]
[BlackTeam "Club atletismo Huesca"]

1. e4 c5 2. Nc3 Nc6 3. Bb5 Nd4 4. Bc4 e6 5. Nge2 Ne7 6. O-O a6 7. d3 b5 8. Bb3
d5 9. exd5 Nxb3 10. axb3 Nxd5 11. Nxb5 Bb7 12. Nbc3 h5 13. Nf4 Nxc3 14. bxc3
Bd6 15. Nh3 Qc7 16. f4 O-O-O 17. Qe2 Rh6 18. Rf2 Re8 19. d4 Rg6 20. Ng5 h4 21.
h3 Re7 22. Be3 cxd4 23. cxd4 f6 24. Qd3 fxg5 25. Qxg6 gxf4 26. Bd2 f3 27. gxf3
Bg3 28. Rff1 e5 29. Ra4 Kb8 30. Rc4 Qd7 31. Qg4 Qd5 32. Bg5 Rf7 33. Rb4 e4 34.
fxe4 Rxf1+ 35. Kxf1 Qf7+ 36. Qf5 1-0

[Event "Cto Aragón Equipos Div Honor Gr II"]
[Site "Aragon"]
[Date "2014.02.01"]
[Round "2.30"]
[White "Luis Vitalla, Fernando"]
[Black "Carruez Berges, Santiago"]
[Result "1-0"]
[WhiteElo "2135"]
[BlackElo "2144"]
[PlyCount "39"]
[EventDate "2014.??.??"]
[EventCountry "ESP"]
[WhiteTeam "Club atletismo Huesca"]
[BlackTeam "Agrupacion"]

1. d4 g6 2. e4 Bg7 3. Nc3 d6 4. g3 Nd7 5. Bg2 e5 6. Nge2 Ngf6 7. O-O O-O 8. h3
Re8 9. Be3 exd4 10. Bxd4 c6 11. a4 Qa5 12. g4 d5 13. exd5 cxd5 14. g5 Ne4 15.
Bxg7 Kxg7 16. Qxd5 Qxd5 17. Nxd5 Nd2 18. Rfe1 Ne5 19. Nd4 Bxh3 20. Nc7 1-0

[Event "Cto Aragón Equipos Div Honor Gr II"]
[Site "Aragon"]
[Date "2014.02.01"]
[Round "2.31"]
[White "Martinez Asensio, Juan Miguel"]
[Black "Gella Lopez, Angel"]
[Result "0-1"]
[WhiteElo "2095"]
[BlackElo "2084"]
[PlyCount "52"]
[EventDate "2014.??.??"]
[EventCountry "ESP"]
[WhiteTeam "Agrupacion"]
[BlackTeam "Club atletismo Huesca"]

1. c4 Nf6 2. g3 c5 3. Bg2 d5 4. cxd5 Nxd5 5. Nc3 Nc7 6. Nf3 Nc6 7. O-O e5 8. b3
Be7 9. Ba3 Bd7 10. Ne1 O-O 11. Nd3 b6 12. f4 exf4 13. Nxf4 Rc8 14. e3 Ne5 15.
Bb2 Bg4 16. Qc2 Qd7 17. Be4 Ng6 18. Rf2 Ne6 19. Ncd5 Ng5 20. Qc3 f6 21. Qc4
Nxf4 22. Nxe7+ Kh8 23. Nxc8 Nfh3+ 24. Kg2 Nxf2 25. Bd5 Rxc8 26. h4 Ngh3 0-1

[Event "Cto Aragón Equipos Div Honor Gr II"]
[Site "Aragon"]
[Date "2014.02.01"]
[Round "2.32"]
[White "Laplaza Ara, Carlos"]
[Black "Larrosa Poves, Jose Manuel"]
[Result "1/2-1/2"]
[WhiteElo "1988"]
[BlackElo "1990"]
[PlyCount "107"]
[EventDate "2014.??.??"]
[EventCountry "ESP"]
[WhiteTeam "Club atletismo Huesca"]
[BlackTeam "Agrupacion"]

1. d4 c5 2. Nf3 Nf6 3. c3 e6 4. Bg5 d5 5. Bxf6 Qxf6 6. e3 Bd6 7. Nbd2 O-O 8.
Be2 Nc6 9. O-O Re8 10. dxc5 Bxc5 11. e4 Bb6 12. Re1 d4 13. cxd4 Bxd4 14. Nxd4
Nxd4 15. Qa4 Nxe2+ 16. Rxe2 Rd8 17. Nc4 e5 18. Qa5 Re8 19. Ne3 b6 20. Qa4 Bb7
21. Rd1 Bc6 22. Qc2 Red8 23. Red2 Rxd2 24. Rxd2 Rc8 25. Nd5 Qe6 26. Qd1 f6 27.
h3 Kh8 28. Nc3 h6 29. Rd6 Qe7 30. Rd2 Qc5 31. Nd5 Rd8 32. Nc3 Rd4 33. Rxd4 exd4
34. Ne2 Bxe4 35. Qxd4 Qxd4 36. Nxd4 Kg8 37. f3 Bd5 38. a3 a6 39. Kf2 g6 40. g3
Kf7 41. Ke3 Ke7 42. f4 Kd6 43. h4 b5 44. Kd3 Kc5 45. b4+ Kd6 46. Nc2 Be6 47.
Ne3 Kc6 48. Nd1 a5 49. Nc3 axb4 50. axb4 Bd5 51. Kd4 Bg2 52. Ke3 Kd6 53. Kd4
Bc6 54. Nd1 1/2-1/2

[Event "Cto Aragón Equipos Pref Gr I"]
[Site "Aragón"]
[Date "2014.02.01"]
[Round "2.33"]
[White "Gracia Suarez, Jesus"]
[Black "Fontana Sotomayor, Luis Javier"]
[Result "1/2-1/2"]
[WhiteElo "2115"]
[BlackElo "2323"]
[PlyCount "108"]
[EventDate "2014.??.??"]
[EventRounds "9"]
[EventCountry "ESP"]
[WhiteTeam "Sta Isabel"]
[BlackTeam "Jaime Casas B"]

1. e4 c6 2. Nf3 d5 3. Nc3 Bg4 4. h3 Bxf3 5. Qxf3 e6 6. d3 Nd7 7. Qg3 g6 8. Be2
Bg7 9. O-O Ne7 10. Bg5 O-O 11. Qd6 Re8 12. exd5 cxd5 13. Bg4 Nf6 14. Qxd8 Rexd8
15. Bf3 Rac8 16. Rfc1 Nc6 17. a3 h6 18. Bd2 Nd4 19. Bd1 Nd7 20. Rab1 Ne5 21.
Kf1 Rd7 22. Ne2 Nxe2 23. Bxe2 Rdc7 24. c3 Nd7 25. Be3 Nc5 26. b4 Na4 27. c4 Nc3
28. Rb3 Nxe2 29. Kxe2 dxc4 30. dxc4 Rxc4 31. Rxc4 Rxc4 32. Bxa7 b5 33. Rd3 Be5
34. Rd7 Rc2+ 35. Kd1 Rc3 36. Rb7 Rxa3 37. Rxb5 Rxa7 38. Rxe5 Ra1+ 39. Kd2 Ra2+
40. Kc3 Kf8 41. b5 Ke7 42. b6 Kd7 43. Rc5 Ra6 44. Rc7+ Kd6 45. Rxf7 Rxb6 46.
Rf6 g5 47. Rxh6 Ke5 48. Kd3 Rb3+ 49. Ke2 Kf5 50. Rh8 Rb2+ 51. Kf3 Rb3+ 52. Ke2
Rb2+ 53. Kf3 Rb3+ 54. Ke2 Rb2+ 1/2-1/2

[Event "Cto Aragón Equipos Pref Gr I"]
[Site "Aragón"]
[Date "2014.02.01"]
[Round "2.34"]
[White "Maza Broto, Pablo"]
[Black "Garcia Gracia, Victor Hugo"]
[Result "1/2-1/2"]
[WhiteElo "2045"]
[BlackElo "1980"]
[PlyCount "68"]
[EventDate "2014.??.??"]
[EventRounds "9"]
[EventCountry "ESP"]
[WhiteTeam "Jaime Casas B"]
[BlackTeam "Sta Isabel"]

1. d4 e6 2. Nf3 Nf6 3. e3 b6 4. c4 Bb7 5. Bd3 d5 6. O-O Bd6 7. b3 O-O 8. Bb2 c5
9. Nbd2 Nbd7 10. Ne5 Ne4 11. f3 Nxd2 12. Qxd2 cxd4 13. exd4 Nxe5 14. dxe5 Bc5+
15. Kh1 dxc4 16. bxc4 Qe7 17. Rad1 Rfd8 18. Qf4 Rac8 19. Bc3 Bc6 20. Be1 Rd7
21. Bh4 Qe8 22. Qg4 Ba4 23. Qe4 g6 24. Bc2 Bxc2 25. Qxc2 Be7 26. Rxd7 Qxd7 27.
Bxe7 Qxe7 28. Qa4 Qc7 29. Rd1 a5 30. Qb5 Qxc4 31. Qxb6 Qxa2 32. Rd8+ Rxd8 33.
Qxd8+ Kg7 34. Qf6+ Kg8 1/2-1/2

[Event "Cto Aragón Equipos Pref Gr I"]
[Site "Aragón"]
[Date "2014.02.01"]
[Round "2.35"]
[White "Diaz Boils, Ximo"]
[Black "Buil Rello, Jose Antonio"]
[Result "1/2-1/2"]
[WhiteElo "1975"]
[BlackElo "1907"]
[PlyCount "94"]
[EventDate "2014.??.??"]
[EventRounds "9"]
[EventCountry "ESP"]
[WhiteTeam "Sta Isabel"]
[BlackTeam "Jaime Casas B"]

1. e4 c5 2. Nf3 e6 3. a3 a6 4. d4 cxd4 5. Nxd4 Nc6 6. Nc3 Bc5 7. Be3 Qf6 8. Nf5
Bxe3 9. Nxe3 b5 10. Qd6 Qe5 11. Qxe5 Nxe5 12. f4 Ng6 13. g3 N8e7 14. Bg2 Bb7
15. Rd1 Bc6 16. O-O Nc8 17. Rfe1 O-O 18. e5 Nb6 19. Rd6 Rac8 20. Red1 Ne7 21.
g4 Rc7 22. R1d2 f5 23. Bxc6 Rxc6 24. gxf5 exf5 25. Ned5 Nexd5 26. Nxd5 Rxd6 27.
Ne7+ Kf7 28. Rxd6 Nc4 29. Rxd7 Ke6 30. Rc7 g5 31. fxg5 Nxe5 32. Nc8 Nf3+ 33.
Kf2 Nxg5 34. h4 Nf7 35. Nb6 Rd8 36. Rc6+ Rd6 37. Rxd6+ Nxd6 38. Ke3 h6 39. b3
Ne8 40. c4 Nf6 41. a4 bxa4 42. Nxa4 Ke5 43. Nc5 f4+ 44. Kf3 a5 45. Nd3+ Kd4 46.
Nxf4 a4 47. bxa4 Kxc4 1/2-1/2

[Event "Cto Aragón Equipos Pref Gr I"]
[Site "Aragón"]
[Date "2014.02.01"]
[Round "2.36"]
[White "Salas Latorre, Jose"]
[Black "Perez Boy, Pedro"]
[Result "0-1"]
[WhiteElo "1798"]
[BlackElo "1829"]
[PlyCount "70"]
[EventDate "2014.??.??"]
[EventRounds "9"]
[EventCountry "ESP"]
[WhiteTeam "Jaime Casas B"]
[BlackTeam "Sta Isabel"]

1. c4 Nf6 2. Nc3 g6 3. Nf3 Bg7 4. e4 d6 5. Be2 O-O 6. O-O e5 7. d4 exd4 8. Nxd4
Nc6 9. Be3 Re8 10. f3 Nxd4 11. Bxd4 b6 12. Bf2 Bb7 13. Qc2 a6 14. Rad1 Qc8 15.
Nd5 Nxd5 16. cxd5 Qd8 17. Qb3 f5 18. Bd3 fxe4 19. Bxe4 Qf6 20. Bd4 Qf7 21. Bxg7
Qxg7 22. Rd3 Re5 23. Rc1 Rf8 24. Qc2 Rf7 25. Qd2 Ree7 26. Rdc3 g5 27. Kh1 h6
28. Qd3 Re5 29. h3 Rfe7 30. Qd2 h5 31. Qc2 Bxd5 32. Bxd5+ Rxd5 33. Rxc7 Rxc7
34. Qxc7 Rd1+ 35. Kh2 Qe5+ 0-1

[Event "Cto Aragón Equipos Pref Gr I"]
[Site "Aragón"]
[Date "2014.02.01"]
[Round "2.37"]
[White "Donoso Sanchez, Alejandro"]
[Black "Mimbela Lopez, Luis"]
[Result "1/2-1/2"]
[WhiteElo "2212"]
[BlackElo "2084"]
[PlyCount "54"]
[EventDate "2014.??.??"]
[EventRounds "9"]
[EventCountry "ESP"]
[WhiteTeam "CMU Pedro Cerbuna"]
[BlackTeam "Agrupacion B"]

1. e4 c6 2. c4 d5 3. cxd5 cxd5 4. exd5 Nf6 5. Nc3 Nxd5 6. Qb3 Nb6 7. Nf3 Nc6 8.
d4 e6 9. Be3 Bd6 10. Bd3 Bd7 11. O-O Nb4 12. Nb5 Bc6 13. Nxd6+ Qxd6 14. Ne5
Nxd3 15. Nxd3 O-O 16. Rfc1 Rfc8 17. Nc5 Qd5 18. Qxd5 Nxd5 19. Nd3 b6 20. a4 Bb7
21. a5 Rxc1+ 22. Rxc1 Rc8 23. Rxc8+ Bxc8 24. Bd2 f6 25. f3 Ba6 26. Nb4 Nxb4 27.
Bxb4 bxa5 1/2-1/2

[Event "Cto Aragón Equipos Pref Gr I"]
[Site "Aragón"]
[Date "2014.02.01"]
[Round "2.38"]
[White "Zubialde Ayala, Gonzalo"]
[Black "Sacristan Latorre, Alberto"]
[Result "0-1"]
[WhiteElo "1731"]
[BlackElo "2061"]
[PlyCount "88"]
[EventDate "2014.??.??"]
[EventRounds "9"]
[EventCountry "ESP"]
[WhiteTeam "Agrupacion B"]
[BlackTeam "CMU Pedro Cerbuna"]

1. d4 Nf6 2. c4 g6 3. Nc3 Bg7 4. e4 d6 5. Nf3 O-O 6. Be2 Nbd7 7. Be3 e5 8. h3
exd4 9. Nxd4 Nc5 10. Qc2 Re8 11. Bf3 Ncxe4 12. Nxe4 Nxe4 13. Bxe4 Bxd4 14. Bxd4
f5 15. O-O-O Rxe4 16. Be3 Be6 17. b3 Qf6 18. h4 Rxh4 19. Rxh4 Qxh4 20. Qc3 Re8
21. g3 Qe4 22. Bh6 Qe5 23. Qc2 Bd7 24. Bd2 Qa1+ 25. Qb1 Qxb1+ 26. Kxb1 Re2 27.
Be3 Bc6 28. Rd2 Rxd2 29. Bxd2 Kf7 30. Kc2 Kf6 31. f4 Ke6 32. Kc3 Be4 33. Be3 a6
34. Ba7 b6 35. b4 Kd7 36. c5 dxc5 37. bxc5 b5 38. c6+ Kxc6 39. Kb4 Bb1 40. a3
Kd5 41. Ka5 Bd3 42. Kb4 Ke4 43. Bf2 Kd5 44. Bc5 a5+ 0-1

[Event "Cto Aragón Equipos Pref Gr I"]
[Site "Aragón"]
[Date "2014.02.01"]
[Round "2.39"]
[White "Colom Sienes, Eduardo"]
[Black "Manguez Tomas, Andres"]
[Result "1-0"]
[WhiteElo "2042"]
[BlackElo "1673"]
[PlyCount "39"]
[EventDate "2014.??.??"]
[EventRounds "9"]
[EventCountry "ESP"]
[WhiteTeam "CMU Pedro Cerbuna"]
[BlackTeam "Agrupacion B"]

1. e4 e5 2. f4 d5 3. exd5 Qxd5 4. Nc3 Qe6 5. Nf3 exf4+ 6. Kf2 Qb6+ 7. d4 Nf6 8.
Bb5+ c6 9. Re1+ Be7 10. Bc4 Qd8 11. Qe2 b5 12. Bb3 Ba6 13. Ng5 O-O 14. Qxe7
Ng4+ 15. Kg1 Qxd4+ 16. Be3 Qf6 17. Qxf8+ Kxf8 18. Bc5+ Qe7 19. Rxe7 Nf6 20.
Rxa7+ 1-0

[Event "Cto Aragón Equipos Pref Gr I"]
[Site "Aragón"]
[Date "2014.02.01"]
[Round "2.40"]
[White "Serrat Claver, David"]
[Black "Biarge Carnicer, Arturo"]
[Result "1/2-1/2"]
[WhiteElo "1631"]
[BlackElo "1898"]
[PlyCount "80"]
[EventDate "2014.??.??"]
[EventRounds "9"]
[EventCountry "ESP"]
[WhiteTeam "Agrupacion B"]
[BlackTeam "CMU Pedro Cerbuna"]

1. e4 c5 2. Nf3 d6 3. Bb5+ Bd7 4. Bxd7+ Nxd7 5. d4 cxd4 6. Qxd4 Ngf6 7. c4 g6
8. Nc3 Bg7 9. O-O O-O 10. Rb1 Qc7 11. Qd3 a6 12. b3 Nc5 13. Qe2 Rab8 14. Nd5
Nxd5 15. exd5 b5 16. Bb2 bxc4 17. Bxg7 Kxg7 18. Qxc4 a5 19. Nd4 Kg8 20. f4 Rb4
21. Qc3 e6 22. dxe6 Nxe6 23. Qxc7 Nxc7 24. Rbd1 d5 25. f5 f6 26. Ne6 Nxe6 27.
fxe6 d4 28. Rf4 Rb6 29. Rfxd4 Rxe6 30. Rd5 Ra6 31. R1d4 Rc8 32. Ra4 Rc2 33. Rd7
Re6 34. Kf1 Re5 35. Rc4 Rxc4 36. bxc4 Rc5 37. Rd4 Kf7 38. Ke2 Ke6 39. a4 f5 40.
Kd3 h5 1/2-1/2

[Event "Cto Aragón Equipos Pref Gr I"]
[Site "Aragón"]
[Date "2014.02.01"]
[Round "2.41"]
[White "Osorio Marin, Luis Alejandro"]
[Black "Pellicer Cemeli, Jose Luis"]
[Result "0-1"]
[WhiteElo "2007"]
[BlackElo "2075"]
[PlyCount "88"]
[EventDate "2014.??.??"]
[EventRounds "9"]
[EventCountry "ESP"]
[WhiteTeam "Shatranj"]
[BlackTeam "L´Aurora Estadilla B"]

1. Nf3 e6 2. d4 Nf6 3. Bf4 c5 4. c3 b6 5. e3 Bb7 6. Nbd2 Be7 7. h3 Nc6 8. Bd3
h6 9. Qe2 cxd4 10. exd4 d5 11. O-O O-O 12. Ne5 Nxe5 13. Bxe5 Nd7 14. Bg3 Nf6
15. f4 Bd6 16. Bh4 Be7 17. f5 Bc8 18. fxe6 Bxe6 19. Bf5 Bxf5 20. Rxf5 Qd7 21.
Re5 Rae8 22. Re1 Bd6 23. Rxe8 Rxe8 24. Qf3 Rxe1+ 25. Bxe1 Qe6 26. Bf2 Ne4 27.
Nf1 b5 28. Ne3 b4 29. cxb4 Bxb4 30. Qf5 Qc6 31. Qxd5 Qc1+ 32. Nf1 Nxf2 33. Kxf2
Qxb2+ 34. Kg3 Bc3 35. Qd8+ Kh7 36. d5 Bd4 37. Kh2 Be5+ 38. Ng3 Qxa2 39. Qd7 Qf2
40. Qg4 Bxg3+ 41. Qxg3 Qxg3+ 42. Kxg3 Kg8 43. Kf4 Kf8 44. Ke5 Ke7 0-1

[Event "Cto Aragón Equipos Pref Gr I"]
[Site "Aragón"]
[Date "2014.02.01"]
[Round "2.42"]
[White "Pellicer Cerezuela, Miguel"]
[Black "Del Corral Abancens, Alfonso"]
[Result "1-0"]
[WhiteElo "1927"]
[BlackElo "1895"]
[PlyCount "40"]
[EventDate "2014.??.??"]
[EventRounds "9"]
[EventCountry "ESP"]
[WhiteTeam "L´Aurora Estadilla B"]
[BlackTeam "Shatranj"]

1. d4 Nf6 2. Bg5 Ne4 3. Bf4 c5 4. e3 Qa5+ 5. c3 cxd4 6. exd4 d5 7. Bd3 Nd6 8.
Nd2 Bf5 9. Qc2 Bxd3 10. Qxd3 e6 11. Ngf3 Nc6 12. O-O Ne4 13. Rfe1 Nxd2 14. Nxd2
Be7 15. Nf3 O-O 16. Ne5 Nxe5 17. Rxe5 Bd8 18. Rh5 g6 19. Rh3 b5 20. Qe3 Bc7 1-0

[Event "Cto Aragón Equipos Pref Gr I"]
[Site "Aragón"]
[Date "2014.02.01"]
[Round "2.43"]
[White "Munoz Bornao, Miguel Angel"]
[Black "Puertolas Serena, Arturo"]
[Result "1/2-1/2"]
[WhiteElo "1764"]
[BlackElo "1917"]
[PlyCount "91"]
[EventDate "2014.??.??"]
[EventRounds "9"]
[EventCountry "ESP"]
[WhiteTeam "Shatranj"]
[BlackTeam "L´Aurora Estadilla B"]

1. e4 c6 2. d4 d5 3. Nc3 dxe4 4. Nxe4 Bf5 5. Ng3 Bg6 6. Nf3 Nd7 7. Bd3 Bxd3 8.
Qxd3 e6 9. O-O Ngf6 10. Re1 Be7 11. c4 O-O 12. Bf4 Re8 13. h3 c5 14. Rad1 Qb6
15. b3 cxd4 16. Nxd4 Bc5 17. Be3 Rad8 18. Nf3 Bxe3 19. Qxe3 Qxe3 20. Rxe3 Nc5
21. Rxd8 Rxd8 22. Re1 Kf8 23. Kf1 g6 24. Ne2 Nfe4 25. Nc1 a5 26. a3 Nd2+ 27.
Nxd2 Rxd2 28. Re2 Rd1+ 29. Re1 Rd6 30. Re3 Ke7 31. Ke2 b6 32. Na2 f5 33. b4 Ne4
34. Kf3 Nd2+ 35. Kg3 Nxc4 36. Rc3 Nd2 37. Rc7+ Kf6 38. Nc3 Rd3+ 39. f3 axb4 40.
axb4 h5 41. Kf2 Nb3 42. Rc6 Rd2+ 43. Kf1 Rd3 44. Ne2 Rd1+ 45. Kf2 Nd2 46. Rc1
1/2-1/2

[Event "Cto Aragón Equipos Pref Gr I"]
[Site "Aragón"]
[Date "2014.02.01"]
[Round "2.44"]
[White "Landa Galindo, Victor"]
[Black "Aznar Andres, Maria Pilar"]
[Result "1-0"]
[WhiteElo "1904"]
[BlackElo "1625"]
[PlyCount "70"]
[EventDate "2014.??.??"]
[EventRounds "9"]
[EventCountry "ESP"]
[WhiteTeam "L´Aurora Estadilla B"]
[BlackTeam "Shatranj"]

1. e4 c5 2. Nf3 d6 3. d4 cxd4 4. Qxd4 Nc6 5. Bb5 Bd7 6. Bxc6 Bxc6 7. Nc3 Nf6 8.
Bg5 e5 9. Qd3 Be7 10. O-O-O Ng4 11. Bxe7 Qxe7 12. Rd2 Rd8 13. Nd5 Bxd5 14. Qxd5
Nf6 15. Qb5+ Rd7 16. Qa4 O-O 17. Rhd1 a6 18. Ng5 h6 19. Nh3 Rc8 20. f3 Rc6 21.
g4 Ne8 22. Nf2 Rdc7 23. Nd3 Qg5 24. Kb1 Qe7 25. Nb4 Rc4 26. Qb3 R7c5 27. Nd5
Qd8 28. Qe3 Rc6 29. Qf2 b5 30. h4 Nf6 31. Ne3 R4c5 32. Nf5 Qc7 33. g5 hxg5 34.
hxg5 Ne8 35. Rh1 g6 1-0

[Event "Cto Aragón Equipos Pref Gr I"]
[Site "Aragón"]
[Date "2014.02.01"]
[Round "2.45"]
[White "Faro Perella, Alberto"]
[Black "Cebrian Valverde, Jose Antonio"]
[Result "0-1"]
[WhiteElo "1938"]
[BlackElo "2141"]
[PlyCount "38"]
[EventDate "2014.??.??"]
[EventRounds "9"]
[EventCountry "ESP"]
[WhiteTeam "Binefar"]
[BlackTeam "San Jose"]

1. d4 Nf6 2. Nf3 d5 3. e3 e6 4. Bd3 c5 5. b3 cxd4 6. exd4 Bb4+ 7. c3 Be7 8. O-O
O-O 9. Ne5 Nc6 10. Nd2 Nxe5 11. dxe5 Nd7 12. Re1 f5 13. Qh5 Qc7 14. Qe2 Qxc3
15. Rb1 Nc5 16. Ba3 Qxd3 17. Qxd3 Nxd3 18. Re3 Bxa3 19. Rxd3 a5 0-1

[Event "Cto Aragón Equipos Pref Gr I"]
[Site "Aragón"]
[Date "2014.02.01"]
[Round "2.46"]
[White "Palomar Ramon, Santiago"]
[Black "Arino Castan, Federico"]
[Result "1-0"]
[WhiteElo "1994"]
[BlackElo "1778"]
[PlyCount "87"]
[EventDate "2014.??.??"]
[EventRounds "9"]
[EventCountry "ESP"]
[WhiteTeam "San Jose"]
[BlackTeam "Binefar"]

1. e4 e6 2. d4 d5 3. e5 c5 4. c3 Nc6 5. Nf3 Qb6 6. a3 a5 7. Be2 Bd7 8. O-O Nge7
9. dxc5 Qc7 10. c4 dxc4 11. Nc3 Nxe5 12. Qd6 Nxf3+ 13. Bxf3 Qxd6 14. cxd6 Nf5
15. Bxb7 Rb8 16. Ba6 Nxd6 17. Bf4 Rb6 18. Bxd6 Bxd6 19. Bxc4 Rxb2 20. Ne4 Be7
21. Rfb1 Rxb1+ 22. Rxb1 O-O 23. Rb7 Rd8 24. Ra7 Bxa3 25. Rxa5 Bf8 26. f3 h6 27.
Ra6 Rc8 28. Ra7 Be8 29. Ba2 Rc1+ 30. Kf2 Ra1 31. g4 Bb5 32. Ra5 Bc4 33. Nc3 g6
34. Ra4 Bc5+ 35. Kg3 Rg1+ 36. Kf4 g5+ 37. Ke5 Re1+ 38. Ne4 Bd3 39. Kf6 Bf8 40.
Ra7 Bxe4 41. fxe4 Rxe4 42. Rxf7 Rf4+ 43. Kg6 Rxf7 44. Bxe6 1-0

[Event "Cto Aragón Equipos Pref Gr I"]
[Site "Aragón"]
[Date "2014.02.01"]
[Round "2.47"]
[White "Saura Solano, Jose Luis"]
[Black "Glaria Tevar, Salvador"]
[Result "0-1"]
[WhiteElo "1775"]
[BlackElo "1850"]
[PlyCount "56"]
[EventDate "2014.??.??"]
[EventRounds "9"]
[EventCountry "ESP"]
[WhiteTeam "Binefar"]
[BlackTeam "San Jose"]

1. Nf3 Nf6 2. c4 e6 3. d4 Bb4+ 4. Nc3 b6 5. g3 Bb7 6. Bg2 O-O 7. O-O Bxc3 8.
bxc3 d6 9. Ba3 Nbd7 10. Re1 Qc8 11. Qc2 Be4 12. Qb3 c5 13. Rad1 Rd8 14. d5 exd5
15. cxd5 c4 16. Qb5 a6 17. Qc6 Bxf3 18. Bxf3 Nc5 19. Rd4 b5 20. Bxc5 dxc5 21.
Rdd1 Ra7 22. d6 Rad7 23. Qb6 Qb8 24. Qxa6 Rxd6 25. Rxd6 Rxd6 26. Qa3 b4 27. Rb1
Rd1+ 28. Rxd1 bxa3 0-1

[Event "Cto Aragón Equipos Pref Gr I"]
[Site "Aragón"]
[Date "2014.02.01"]
[Round "2.48"]
[White "Urgel Varela, Fernando"]
[Black "Bayona Bafaluy, Jose Maria"]
[Result "0-1"]
[WhiteElo "1831"]
[BlackElo "1759"]
[PlyCount "76"]
[EventDate "2014.??.??"]
[EventRounds "9"]
[EventCountry "ESP"]
[WhiteTeam "San Jose"]
[BlackTeam "Binefar"]

1. e4 c5 2. Bc4 e6 3. Nc3 a6 4. a4 Nc6 5. f4 Nge7 6. e5 Nf5 7. Nf3 d6 8. exd6
Bxd6 9. d3 Qc7 10. g3 b6 11. Ne4 Bb7 12. O-O h5 13. Qe1 Ncd4 14. Nxd4 Nxd4 15.
Qf2 O-O-O 16. Be3 Nf5 17. Ng5 Qc6 18. Nf3 g5 19. fxg5 h4 20. g4 Ng3 21. hxg3
hxg3 22. Qd2 Rh2 23. Qc3 Qxf3 24. Rxf3 Bxf3 25. Bxa6+ Kc7 26. Kf1 Rh1+ 27. Bg1
Rdh8 28. Qxh8 Rxh8 29. Re1 Bf4 30. g6 e5 31. gxf7 Kd6 32. Bc4 Bd2 33. Ra1 Ke7
34. a5 b5 35. Bxc5+ Kd7 36. Bxb5+ Kc7 37. f8=Q Rxf8 38. Bxf8 Be3 0-1

[Event "Cto Aragón Equipos Pref Gr I"]
[Site "Aragón"]
[Date "2014.02.01"]
[Round "2.49"]
[White "Aparicio Navarro, Pedro"]
[Black "Soriano Ascaso, Ignacio"]
[Result "1/2-1/2"]
[WhiteElo "2169"]
[BlackElo "2134"]
[PlyCount "96"]
[EventDate "2014.??.??"]
[EventRounds "9"]
[EventCountry "ESP"]
[WhiteTeam "Helios B"]
[BlackTeam "Sabiñanigo"]

1. Nf3 g6 2. c4 Bg7 3. Nc3 d6 4. g3 e5 5. d4 exd4 6. Nxd4 Nc6 7. Nxc6 bxc6 8.
Bg2 Ne7 9. O-O O-O 10. e4 Be6 11. Qd3 Qd7 12. Re1 Rae8 13. Be3 f5 14. Bd4 Bxd4
15. Qxd4 f4 16. f3 c5 17. Qd3 Nc6 18. b3 Ne5 19. Qe2 Bh3 20. Rf1 g5 21. Nd5 c6
22. gxf4 Ng6 23. Bxh3 Qxh3 24. Ne3 Nxf4 25. Qf2 Re6 26. Rad1 h5 27. Rd2 g4 28.
Qg3 h4 29. Qxh3 Nxh3+ 30. Kg2 Nf4+ 31. Kh1 g3 32. hxg3 hxg3 33. Kg1 Rf7 34.
Rfd1 Rh7 35. Rxd6 Rxd6 36. Rxd6 Rh2 37. Rf6 Nh3+ 38. Kf1 Kg7 39. Rxc6 Rf2+ 40.
Ke1 Rxf3 41. Nf5+ Kf7 42. Nxg3 Rxg3 43. Rxc5 Re3+ 44. Kd2 Rxe4 45. Ra5 Re7 46.
b4 Rb7 47. Rh5 Rd7+ 48. Ke3 Re7+ 1/2-1/2

[Event "Cto Aragón Equipos Pref Gr I"]
[Site "Aragón"]
[Date "2014.02.01"]
[Round "2.50"]
[White "Ainsa Claver, Ignacio"]
[Black "Prat Guisado, Christian"]
[Result "1/2-1/2"]
[WhiteElo "1968"]
[BlackElo "2033"]
[PlyCount "88"]
[EventDate "2014.??.??"]
[EventRounds "9"]
[EventCountry "ESP"]
[WhiteTeam "Sabiñanigo"]
[BlackTeam "Helios B"]

1. c4 Nf6 2. Nf3 g6 3. Nc3 d6 4. g3 Bg7 5. Bg2 O-O 6. O-O e5 7. d3 h6 8. Nd2
Nh7 9. e4 Ng5 10. h4 Ne6 11. Nb3 Nc6 12. Be3 Ned4 13. Ne2 Nxe2+ 14. Qxe2 f5 15.
f4 exf4 16. Bxf4 Ne5 17. d4 Ng4 18. e5 g5 19. Bd5+ Kh8 20. hxg5 hxg5 21. e6 Qe7
22. Bd2 c6 23. Bf3 Qxe6 24. Bxg4 fxg4 25. Rxf8+ Bxf8 26. Qh2+ Qh6 27. Bxg5
Qxh2+ 28. Kxh2 Be6 29. Nd2 Bg7 30. Re1 Re8 31. d5 Bd7 32. Re7 Rxe7 33. Bxe7
Bxb2 34. Bxd6 Kg8 35. Nb3 b6 36. Bb8 a5 37. Bc7 a4 38. Nd2 b5 39. cxb5 cxb5 40.
Ne4 Bd4 41. Bd6 Kf7 42. Kg2 Bf5 43. Nf2 Bxf2 44. Kxf2 Be4 1/2-1/2

[Event "Cto Aragón Equipos Pref Gr I"]
[Site "Aragón"]
[Date "2014.02.01"]
[Round "2.51"]
[White "Flores Samperiz, Jorge"]
[Black "Calleja Sanchez, Alfredo"]
[Result "0-1"]
[WhiteElo "1973"]
[BlackElo "1894"]
[PlyCount "154"]
[EventDate "2014.??.??"]
[EventRounds "9"]
[EventCountry "ESP"]
[WhiteTeam "Helios B"]
[BlackTeam "Sabiñanigo"]

1. d4 Nf6 2. c4 g6 3. Nc3 Bg7 4. e4 d6 5. f3 O-O 6. Be3 e5 7. d5 Ne8 8. Bd3 f5
9. Nge2 a5 10. Qd2 f4 11. Bf2 Bf6 12. O-O-O c6 13. g4 Bh4 14. Qe1 Bxf2 15. Qxf2
c5 16. h4 h6 17. Ng1 Kh8 18. Nh3 Kg8 19. Rh2 b6 20. Rdh1 Ra7 21. Ng5 hxg5 22.
hxg5 Rg7 23. Qh4 Kf7 24. Qh6 Rfg8 25. Nb5 Nc7 26. Nc3 Ke7 27. Ne2 Ba6 28. a4
Kd7 29. Qh4 Kc8 30. Qe1 Qxg5 31. Rh6 Nd7 32. Ng1 Nf8 33. R1h4 Qe7 34. Nh3 Rh7
35. g5 Rhg7 36. Nf2 Qxg5 37. Ng4 Qe7 38. Qh1 Ne8 39. Qh3 Kb8 40. Qh1 Nf6 41.
Nxf6 Qxf6 42. Bf1 Qe7 43. b3 Bc8 44. Bh3 Bxh3 45. Qxh3 Nd7 46. Qg4 Nf6 47. Qg5
Nxd5 48. Qg1 Nf6 49. Qg5 Nh5 50. Qg4 Ng3 51. Rh8 Qf7 52. Qg5 Nh5 53. Rh6 Rh7
54. Rxh7 Qxh7 55. Qg4 Qf7 56. Rh2 Kc7 57. Qg5 Rg7 58. Qg4 Rh7 59. Qg5 Ng3 60.
Rxh7 Qxh7 61. Qf6 Ne2+ 62. Kb2 Nd4 63. Qf8 Nxf3 64. Qa8 Qd7 65. Qa7+ Kd8 66.
Qb8+ Ke7 67. Qg8 Qe6 68. Qg7+ Qf7 69. Qh8 Nd4 70. Qb8 f3 71. Qc7+ Ke6 72. Qc8+
Kf6 73. Qd8+ Kg7 74. Qxd6 Qf6 75. Qd7+ Qf7 76. Qd6 Ne6 77. Ka3 f2 0-1

[Event "Cto Aragón Equipos Pref Gr I"]
[Site "Aragón"]
[Date "2014.02.01"]
[Round "2.52"]
[White "Climente Martinez, Jose Luis"]
[Black "Flores, Francisco"]
[Result "1-0"]
[WhiteElo "1888"]
[BlackElo "1834"]
[PlyCount "65"]
[EventDate "2014.??.??"]
[EventRounds "9"]
[EventCountry "ESP"]
[WhiteTeam "Sabiñanigo"]
[BlackTeam "Helios B"]

1. d4 Nf6 2. c4 e6 3. Nf3 d5 4. Nc3 c6 5. Bg5 dxc4 6. e4 b5 7. e5 h6 8. Bh4 g5
9. Nxg5 hxg5 10. Bxg5 Nbd7 11. exf6 Bb4 12. g3 Bb7 13. Bg2 Qb6 14. O-O O-O-O
15. a4 a6 16. Qf3 Bxc3 17. bxc3 c5 18. Qxb7+ Qxb7 19. Bxb7+ Kxb7 20. axb5 axb5
21. dxc5 Nxc5 22. Be3 Na4 23. Bd4 Rh5 24. Rfe1 Kc6 25. f4 Rg8 26. Re5 Rh4 27.
Rb1 Rxf4 28. Rexb5 Rxd4 29. cxd4 Nc3 30. Rc5+ Kd6 31. Rb6+ Kd7 32. Rb7+ Kd6 33.
Rxf7 1-0